| 000 | 01133nam a2200265 a 4500 | ||
|---|---|---|---|
| 001 | 1774030 | ||
| 003 | AM-YEHGA | ||
| 005 | 20250618080123.0 | ||
| 008 | 200910s2021 ai ad||gr|||||||||0|arm|d | ||
| 020 | _a9789939689043 | ||
| 040 | _aAM-YeHGA | ||
| 041 | 0 | _aarm | |
| 245 | 0 | 0 |
_aԲոլորիս Ալենը / _cԿազմող՝ Ն. Տերտերյան ; [Գեղարվեստական խմբագիրներ՝ Շ. Դևրիյան, Մ. Բարսեղյան, Լ. Հարությունյան ; Խմբագիր և սրբագրիչ՝ Վ. Եղիշյան]. |
| 260 |
_aԵրևան : _bԶանգակ-97, _c2021. |
||
| 300 |
_a163 էջ + 1 ներդիր թ. : _bլուսանկ. ; _c24 սմ. |
||
| 500 | _aՍուպերշապիկով: | ||
| 650 | 1 | 4 |
_aՀայ հուշագրություն _95766 |
| 700 | 1 |
_aՏերտերյան, Ն. _eկազմ. _4com |
|
| 700 | 1 |
_aԴևրիյան, Շողակաթ _eխմբ. _4edt |
|
| 700 | 1 |
_aԲարսեղյան, Միլենա _eխմբ. _4edt |
|
| 700 | 1 | _aՀարությունյան, Լիանա | |
| 700 | 1 |
_aԵղիշյան, Վանուհի _eխմբագիր _4edt _eսրբագրիչ _4crr |
|
| 942 |
_2udc _cBK |
||
| 090 | _c566433 | ||
| 999 |
_c528243 _d528243 |
||